000
00344 a2200169 4500
001
50042
020
_a
8532250513
040
_c
Anchieta - Bela Vista
100
_a
Braz, Júlio Emílio
240
1
0
_a
Rapunzel
_l
por
245
1
0
_a
Rapunzel
300
_a
30
362
0
_a
2003
440
1
_a
FTD
650
4
_a
Literatura juvenil
942
_c
BK
999
_c
50042
_d
50042